| 000 | 00443nam a2200121 4500 | ||
|---|---|---|---|
| 008 | 240730b |||||||| |||| 00| 0 eng d | ||
| 040 |
_aNational Science Library _cNational Science Library |
||
| 245 |
_aInstitut de la vie form thoretical physics to biology _c/ Proceedings of the Second International Conference on Theoretical Physics and Biology |
||
| 260 |
_aParis: _c1971 |
||
| 300 | _a446p. | ||
| 700 | _aMarois, M (Ed.) | ||
| 942 |
_2udc _cPR |
||
| 999 |
_c65294 _d65294 |
||